Principios de administración financiera
-д хадгалсан:
| Үндсэн зохиолч: | |
|---|---|
| Формат: | Ном |
| Хэл сонгох: | испани |
| Хэвлэсэн: |
Ciudad de México
Pearson Educación
2003
|
| Хэвлэл: | 3a. ed |
| Нөхцлүүд: | |
| Шошгууд: |
Шошго нэмэх
Шошго байхгүй, Энэхүү баримтыг шошголох эхний хүн болох!
|
MARC
| LEADER | 00000nam a2200000 a 4500 | ||
|---|---|---|---|
| 001 | UCJ1419 | ||
| 003 | CL-VaPUC | ||
| 008 | 061020e20030000MX |||||||||||||||||spa|d | ||
| 020 | |a 9702604281 | ||
| 082 | 0 | 4 | |a 658.15 |b GIT |2 21 |
| 100 | |a Gitman, Lawrence J |e author |9 534003 | ||
| 245 | 1 | 0 | |a Principios de administración financiera |
| 250 | |a 3a. ed | ||
| 300 | |a 559 p | ||
| 942 | |c BK | ||
| 945 | |d 20061020 00:00:00 |a cmena | ||
| 260 | |a Ciudad de México |b Pearson Educación |c 2003 | ||
| 650 | 0 | |a Administración financiera |9 261146 | |
| 650 | 0 | |a Economía financiera |9 359635 | |
| 650 | 0 | |a Operaciones financieras |9 378395 | |
| 650 | 0 | |a Planificación estratégica |9 259735 | |
| 650 | 0 | |a Toma de decisiones |9 257530 | |
| 650 | 0 | |a Capital |9 263726 | |
| 583 | |a last modification |c 20061020 00:00:00 |k Rodrigo Vera | ||
| 999 | |c 318006 |d 318004 | ||
| 952 | |0 0 |1 0 |4 0 |6 658_150000000000000_GIT_2003 |7 0 |8 A |9 395193 |a BIBENE |b BIBENE |d 2019-11-22 |i 4288769 |o 658.15 GIT 2003 |p 4288769 |r 2025-01-15 |w 2019-11-22 |y BK |k ICO | ||